Daejan Investments Ltd v Benson and ors (Record no. 83115)

MARC details
000 -LEADER
fixed length control field 01581cad a22002295a 4500
001 - CONTROL NUMBER
control field L152844
008 - FIXED-LENGTH DATA ELEMENTS--GENERAL INFORMATION
fixed length control field 110505e20110128xxk 000 0 eng d
035 ## - SYSTEM CONTROL NUMBER
System control number (Sirsi) u152844
041 0# - LANGUAGE CODE
Language code of text/sound track or separate title eng
245 00 - TITLE STATEMENT
Title Daejan Investments Ltd v Benson and ors
260 ## - PUBLICATION, DISTRIBUTION, ETC.
Date of publication, distribution, etc. 2011
520 ## - SUMMARY, ETC.
Summary, etc. [2011] EWCA Civ 38, 28 January 2011. Landlords may not recover service charges for major works if they do not comply with the statutory consultation procedure. Appellant (D) is the landlord of seven flats in Muswell Hill, five of which pay charges. These five tenants challenged their liability to contribute more than £250 each to the costs of the major works carried out by D's contractor. Both the Leasehold Valuation Tribunal and the Upper Tribunal refused D dispensation because of its serious failings in the consultation process. D appealed. "Held": Appeal dismissed. The integrity of the consultation procedure is sacrosanct and D had contravened this process. D could not recover more than £250 from each tenant.
590 ## - LOCAL NOTE (RLIN)
Local note KA
650 24 - SUBJECT ADDED ENTRY--TOPICAL TERM
Topical term or geographic name entry element LANDLORD AND TENANT ACT 1985
650 24 - SUBJECT ADDED ENTRY--TOPICAL TERM
Topical term or geographic name entry element DAEJAN INVESTMENTS LTD V BENSON
650 24 - SUBJECT ADDED ENTRY--TOPICAL TERM
Topical term or geographic name entry element MAJORSTAKE LTD V CURTIS
650 24 - SUBJECT ADDED ENTRY--TOPICAL TERM
Topical term or geographic name entry element PADDINGTON BASIN DEVELOPMENTS LTD AND ANOTHER V WEST END QUAY ESTATE MANAGEMENT LTD AND ANOTHER
651 #4 - SUBJECT ADDED ENTRY--GEOGRAPHIC NAME
Geographic name England and Wales
Chronological subdivision 1543-
690 ## - LOCAL SUBJECT ADDED ENTRY--TOPICAL TERM (OCLC, RLIN)
Topical term or geographic name as entry element PROPERTY-RESIDENTIAL PROPERTY-LEASEHOLD RESIDENTIAL PROPERTY-RESIDENTIAL LANDLORD AND TENANT-RESIDENTIAL SERVICE CHARGES
856 40 - ELECTRONIC LOCATION AND ACCESS
Uniform Resource Identifier <a href="https://www.bailii.org/ew/cases/EWCA/Civ/2011/38.html">https://www.bailii.org/ew/cases/EWCA/Civ/2011/38.html</a>
Public note View the law report free of charge at www.bailii.org
942 ## - ADDED ENTRY ELEMENTS (KOHA)
Suppress in OPAC 0
Holdings
Withdrawn status Lost status Source of classification or shelving scheme Damaged status Not for loan Home library Current library Shelving location Date acquired Total Checkouts Full call number Barcode Date last seen Copy number Price effective from Koha item type
    Dewey Decimal Classification     Virtual Virtual Online 05/05/2011   ONLINE PUBLICATION 152844-2001 06/08/2019 1 06/08/2019 Law report